Moderní management : manažer pro 21. století / Jaromír Řezáč
Record details
- ISBN: 978-80-251-1959-4
- Physical Description: vii, 397 s. : il. ; 24 cm
- Edition: Vyd. 1.
- Publisher: Brno : Computer Press, 2009
Content descriptions
| General Note: | Obálkový podnázev: systémové, aplikační, metodické, mezinárodní, etické, sociálně-psychologické aspekty managementu, příklady a případové studie Terminologický slovník |
| Bibliography, etc. Note: | Obsahuje bibliografii, bibliografické odkazy a rejstřík |
Search for related items by subject
| Subject: | management management |
| Genre: | monografie monographs |
Search for related items by series
Available copies
- 1 of 1 copy available at Common Catalog SPOK.
Holds
- 0 current holds with 1 total copy.
Show Only Available Copies
| Location | Call Number / Copy Notes | Barcode | Shelving Location | Status | Due Date |
|---|---|---|---|---|---|
| Jabok Library | Soc-8.2 | 424480022303 | Odborná literatura | Available | - |
Electronic resources
- Version of Resource: Digitalizovaný dokument
- Version of Resource: Obsah
| LDR | 01589nam a2200421 a 4500 | ||
|---|---|---|---|
| 001 | 7110 | ||
| 003 | CZ-PrJAB | ||
| 005 | 20161105112607.0 | ||
| 007 | ta | ||
| 008 | 091105s2009 xr a f 001 0 cze | ||
| 015 | . | ‡acnb002009616 | |
| 020 | . | ‡a978-80-251-1959-4 ‡q(váz.) | |
| 035 | . | ‡a(CZ PrNK)nkc20092009616 | |
| 035 | . | ‡a(OCoLC)500013355 | |
| 040 | . | ‡aBOA001 ‡bcze | |
| 072 | 7. | ‡a005 ‡xManagement. Řízení ‡2Konspekt ‡94 | |
| 080 | . | ‡a005 ‡2MRF | |
| 080 | . | ‡a(048.8) ‡2MRF | |
| 100 | 1 | . | ‡aŘezáč, Jaromír ‡7jn20010310476 ‡4aut |
| 245 | 1 | 0. | ‡aModerní management : ‡bmanažer pro 21. století / ‡cJaromír Řezáč |
| 250 | . | ‡aVyd. 1. | |
| 260 | . | ‡aBrno : ‡bComputer Press, ‡c2009 | |
| 300 | . | ‡avii, 397 s. : ‡bil. ; ‡c24 cm | |
| 490 | 1 | . | ‡aPraxe manažera |
| 490 | 1 | . | ‡aBusiness books |
| 500 | . | ‡aObálkový podnázev: systémové, aplikační, metodické, mezinárodní, etické, sociálně-psychologické aspekty managementu, příklady a případové studie | |
| 500 | . | ‡aTerminologický slovník | |
| 504 | . | ‡aObsahuje bibliografii, bibliografické odkazy a rejstřík | |
| 650 | 0 | 7. | ‡amanagement ‡7ph115217 ‡2czenas |
| 650 | 0 | 9. | ‡amanagement ‡2eczenas |
| 655 | 7. | ‡amonografie ‡7fd132842 ‡2czenas | |
| 655 | 9. | ‡amonographs ‡2eczenas | |
| 830 | 0. | ‡aBusiness books (Computer Press) | |
| 830 | 0. | ‡aPraxe manažera (Computer Press) | |
| 856 | 4 | 1. | ‡uhttp://kramerius4.nkp.cz/search/handle/uuid:eceb8c30-16e1-11e4-8e0d-005056827e51 ‡yDigitalizovaný dokument |
| 856 | 4 | 1. | ‡yObsah ‡uhttp://toc.nkp.cz/NKC/200912/contents/nkc20092009616_1.pdf |
| 910 | . | ‡aABG312 | |
| 901 | . | ‡a7110 ‡bUnknown ‡c7110 ‡tbiblio | |